Music Quiz

Random Music or Lyrics Quiz

Aqualung Lyrics Quiz Stats

 Plays Quiz not verified by Sporcle

Also try: Lego Album Covers
Challenge
Share
Tweet
Embed
Score 0/156 Timer 15:00
0 Plays Today
Hint Answer % Correct
a
100%
the
100%
the
100%
a
100%
the
100%
a
100%
the
100%
and
100%
the
100%
the
100%
a
100%
a
100%
the
100%
And
100%
and
100%
the
100%
the
100%
on
98%
on
98%
Aqualung.
97.5%
Aqualung.
97.5%
Aqualung!
97.5%
Aqualung
97.5%
in
96.4%
in
96.4%
Sitting
96.1%
park
96.1%
bench;
95.5%
Do
94.7%
with
94.1%
with
94.1%
with
94.1%
girls
93.8%
little
92.7%
his
92.2%
his
92.2%
his
92.2%
bad
91.3%
down
91.3%
bad,
91.3%
down
91.3%
intent.
90.2%
run.
89.6%
you
88.5%
You
88.5%
you
88.5%
you
88.5%
you
88.5%
he
87.7%
he
87.7%
he
87.7%
running
87.4%
Hint Answer % Correct
nose;
87.1%
eyeing
86.6%
Snot
86.6%
Whoa
85.4%
to
84%
to
84%
to
84%
of
83.8%
of
83.8%
an
82.9%
old
82.4%
old
82.4%
clothes.
82.1%
is
81.8%
only
81.2%
only
81.2%
cold
80.4%
cold;
80.4%
my
80.4%
fingers
79.8%
sun
79.6%
Sun
79.6%
me.
79%
shabby
78.7%
as
78.7%
as
78.7%
friend;
78.7%
it's
77.9%
greasy
76.8%
man
76.5%
remember?
75.4%
don't
75.1%
like
74.8%
like
74.8%
knows.
74.5%
see,
74.5%
way
73.7%
Feeling
72.8%
Feeling
72.8%
poor
72.8%
duck;
72%
smearing
71.7%
dead
71.7%
la
71.4%
goes
70.9%
watching
70.6%
your
70.3%
your
70.3%
broken
70%
tea.
69.7%
away
69.5%
December's
69.5%
Hint Answer % Correct
still
69.2%
foggy
69.2%
cup
68.9%
lonely.
68.3%
feet.
68.3%
luck.
67.5%
time
67.5%
pick
67.2%
start
67.2%
uneasy.
67.2%
dog-end;
66.9%
sod
66.9%
when
66.9%
bends
65.8%
alone;
65.8%
pieces
64.7%
warms
64.7%
freeze;
64.7%
salvation
64.4%
panties
64.1%
out
64.1%
agony.
63.9%
ice
63%
Taking
62.7%
road
62.5%
mode
61.9%
wandering
61.6%
hurting
61.1%
screaming
61.1%
that
59.1%
up
58%
spitting
57.4%
Spring.
56.3%
last
56%
Drying
55.5%
Leg
54.1%
beard
53.8%
flowers
53.2%
streaking
51.8%
army's
51.8%
sounds,
51.3%
bloom
51.3%
clings
50.4%
was
49.6%
deep-sea
49%
madness
47.6%
frilly
47.1%
diver
46.5%
bog
44.3%
breaths
37.3%
rattling
35%
snatch
34.2%

You're not logged in!

Compare scores with friends on all Sporcle quizzes.
Join for Free
OR
Log In

You Might Also Like...

Show Comments

Extras

Top Quizzes Today


Score Distribution

Your Account Isn't Verified!

In order to create a playlist on Sporcle, you need to verify the email address you used during registration. Go to your Sporcle Settings to finish the process.

Report this User

Report this user for behavior that violates our Community Guidelines.

Details: